Word Ladder: Adios Alexander Quiz Stats

 Plays Quiz Updated Sep 17, 2015

Challenge
Share
Tweet
Embed
Score 0/28 Timer 03:00
0 Plays Today
Clue Word % Correct
Berlin used to be divided by oneWALL
95.8%
Good, better, . . .BEST
95.1%
Opposite of an exam failPASS
94.7%
💸 Groundwater supply, accessed by raising and lowering a bucket 💸💵 WELL 💵
94.3%
Where the sun setsWEST
94.2%
💸 Cab or bus charge 💸💵 FARE 💵
93.8%
What shaving removesHAIR
93.6%
Low male singing voice, or type of fishBASS
92.9%
Two of something, often matchingPAIR
92.2%
Jack London novel: The ___ of the WildCALL
92.1%
Tender, loving attentionCARE
90.7%
Collection of shopping outletsMALL
90.2%
Red, swollen injury that results from a strong impactWELT
89.5%
Metal or plastic bucketPAIL
88.3%
Clue Word % Correct
Mrs. Truman, informallyBESS
88.1%
💸 Dollars between fives and twenties 💸💵 'TENS' 💵
87.8%
💸 Place to grind grain into flour 💸💵 MILL 💵
87.1%
Lenny's friend on The SimpsonsCARL
86.5%
Mammalian nourishing liquidMILK
85.3%
Cloth spread over a coffin, hearse, or tombPALL
83.4%
CansTINS
82.4%
Dorsal and PectoralFINS
80.4%
Animals whose fur is made into stolesMINK
78.8%
Coen movie: 'Barton ____'FINK
74.1%
Grier and DawberPAMS
70.4%
Several units of preserved porkHAMS
69.1%
💸 'Mad Men' actor Jon 💸💵 HAMM 💵
68.1%
'Lost Boys' actor CoreyHAIM
67.2%

Today's Daily Dose

You're not logged in!

Compare scores with friends on all Sporcle quizzes.
Join for Free
OR
Log In

You Might Also Like...

Show Comments

Extras

Top Quizzes Today


Score Distribution

Your Account Isn't Verified!

In order to create a playlist on Sporcle, you need to verify the email address you used during registration. Go to your Sporcle Settings to finish the process.

Report this User

Report this user for behavior that violates our Community Guidelines.

Details: